Sustainable development and the future of construction: a comparison of visions from various countries. (Record no. 62103)

MARC details
000 -LEADER
fixed length control field 00805cam a2200217 4500
001 - CONTROL NUMBER
control field ABS61680
008 - FIXED-LENGTH DATA ELEMENTS--GENERAL INFORMATION
fixed length control field 000000n1999 000 0 eng u
035 ## - SYSTEM CONTROL NUMBER
System control number (Sirsi) u103329
100 ## - MAIN ENTRY--PERSONAL NAME
Personal name Bourdeau, L.
245 ## - TITLE STATEMENT
Title Sustainable development and the future of construction: a comparison of visions from various countries.
260 ## - PUBLICATION, DISTRIBUTION, ETC.
Date of publication, distribution, etc. 1999
490 ## - SERIES STATEMENT
Series statement Building Research and Information
Volume/sequential designation 27(6) Nov-Dec 1999, 355-367(13)
520 ## - SUMMARY, ETC.
Summary, etc. Presents the findings of the CIB W82 project, which endeavoured to identify the main issues facing sustainable development in 14 countries around the world. References.
590 ## - LOCAL NOTE (RLIN)
Local note ABS
650 ## - SUBJECT ADDED ENTRY--TOPICAL TERM
Topical term or geographic name entry element SUSTAINABLE DEVELOPMENT
650 ## - SUBJECT ADDED ENTRY--TOPICAL TERM
Topical term or geographic name entry element FORECASTS
650 ## - SUBJECT ADDED ENTRY--TOPICAL TERM
Topical term or geographic name entry element CONSTRUCTION INDUSTRY
650 ## - SUBJECT ADDED ENTRY--TOPICAL TERM
Topical term or geographic name entry element CIB W82
690 ## - LOCAL SUBJECT ADDED ENTRY--TOPICAL TERM (OCLC, RLIN)
Topical term or geographic name as entry element DEVELOPMENT-SUSTAINABLE
942 ## - ADDED ENTRY ELEMENTS (KOHA)
Suppress in OPAC 0
Holdings
Withdrawn status Lost status Source of classification or shelving scheme Damaged status Not for loan Home library Current library Shelving location Date acquired Total Checkouts Full call number Barcode Date last seen Copy number Price effective from Koha item type
    Dewey Decimal Classification     London London Journal article 21/12/1999   ABS61680 103329-1001 06/08/2019 1 06/08/2019 Journal article